| 000 | 00657nam a2200205 a 4500 | ||
|---|---|---|---|
| 001 | 000014889 | ||
| 005 | 20250210102025.0 | ||
| 008 | 100127s2009 dr 001 0 spa d | ||
| 020 | _a9789945001655 | ||
| 040 |
_aDO-SdBNP _bspa _cBNPHU |
||
| 041 | 1 | 7 |
_aspa _2eng |
| 082 |
_axxx _bL864g |
||
| 100 | 1 |
_aLópez Familia, José Rafael _9594 |
|
| 245 | 1 | 0 |
_aGlobal link dictionary = Diccionario de enlace global / _cJosé Rafael López Familia. |
| 246 | 1 | 1 | _aDiccionario de enlace global |
| 260 |
_aSanto Domingo : _bComputhen Todo Impresos, _c2009. |
||
| 300 |
_a458 p. ; _c21 cm. |
||
| 590 | _aLa biblioteca posee 2 ejemplares autografiados | ||
| 049 | _aBNPD | ||
| 999 |
_c14469 _d14469 |
||